Entertaining Crayon Sculptures Quiz Stats

Quiz Updated May 8, 2015

Challenge
Share
Tweet
Score 0/24 Timer 06:00
2 Plays Today
% Correct
The Simpsons
99.7%
Star Wars (Boba Fett, Stormtrooper, Darth Vader, R2-D2, C-3PO)
98.1%
SpongeBob SquarePants
97%
South Park
96.6%
Teenage Mutant Ninja Turtles
95.7%
Looney Tunes (Bugs Bunny)
94.9%
Sesame Street (Cookie Monster)
94.6%
The Little Mermaid (Ariel)
93.7%
Hello Kitty (Kitty White)
92.5%
The Yogi Bear Show (Yogi Bear and picnic basket)
88.1%
The Nightmare Before Christmas (Jack Skellington and Sally)
83.7%
Futurama (Bender)
82%
% Correct
Star Trek (Spock's hand)
82%
Doctor Who (TARDIS, Sonic Screwdriver, Dalek)
77.6%
Gremlins (Gizmo)
77%
Conan (Conan O'Brien)
72.3%
Mighty Morphin Power Rangers (Green Ranger)
70.1%
RoboCop
64.8%
Guardians of the Galaxy (Groot)
63.6%
Green Arrow (Oliver Queen)
56.8%
The Terminator
54.7%
Donnie Darko (Frank the Bunny)
44.8%
Creature from the Black Lagoon (Gill-man)
30.2%
Spirited Away (No-Face)
26.7%

You're not logged in!

Compare scores with friends on all Sporcle quizzes.
Sign Up with Email
OR
Log In

You Might Also Like...

Show Comments

Extras

Top Quizzes Today


Score Distribution

Your Account Isn't Verified!

In order to create a playlist on Sporcle, you need to verify the email address you used during registration. Go to your Sporcle Settings to finish the process.